000 00588nam a2200229Ia 4500
003 OSt
005 20220918175515.0
006 a|||||r|||| 00| 0
007 ta
008 220917b |||||||| |||| 00| 0 eng d
024 _a17,657
037 _cTextual
040 _aARTS
_cARTS
_beng
041 _2eng
_aeng
082 _aQ84363, K0 (Y17D)-;1 (Y1)
100 _aGeertz Clifford
_923998
245 0 _aReligion of Java
260 _c1960
650 _aRELIGION
942 _hQ84363, K0 (Y17D)-;1 (Y1)
_cTEXL
_2CC
999 _c157830
_d157830